Loading...
| Fine Arts - Painting and Sculpture | 0 | 7 | 0 | 1 | 70 | 31 | 63.86 | 3 | 7 | 
| Philosophy | 0 | 6 | 1 | 0 | 55 | 62 | 87.67 | 0 | 5 | 
| Mythology | 0 | 5 | 0 | 0 | 50 | 38 | 64.20 | 1 | 5 | 
| Fine Arts - Other Fine Arts | 0 | 4 | 0 | 0 | 40 | 36 | 60.50 | 1 | 4 | 
| Fine Arts - Classical Music | 0 | 5 | 2 | 0 | 40 | 58 | 72.00 | 0 | 5 | 
| Science - Other Science | 0 | 4 | 1 | 0 | 35 | 71 | 88.00 | 2 | 2 | 
| History - Other History | 0 | 3 | 0 | 0 | 30 | 64 | 85.33 | 1 | 2 | 
| Literature - World Literature | 0 | 3 | 0 | 0 | 30 | 19 | 63.00 | 2 | 3 | 
| Science - Physics | 0 | 3 | 1 | 0 | 25 | 53 | 77.67 | 0 | 2 | 
| Social Science | 0 | 3 | 2 | 0 | 20 | 83 | 96.33 | 0 | 2 | 
| History - World History | 0 | 2 | 0 | 0 | 20 | 44 | 51.50 | 1 | 2 | 
| Literature - American Literature | 0 | 2 | 0 | 0 | 20 | 85 | 91.50 | 0 | 1 | 
| Science - Biology | 0 | 1 | 0 | 0 | 10 | 121 | 121.00 | 0 | 0 | 
| Literature - British Literature | 0 | 1 | 0 | 0 | 10 | 135 | 135.00 | 0 | 0 | 
| History - American History | 0 | 1 | 0 | 0 | 10 | 70 | 70.00 | 0 | 1 | 
| Geography | 0 | 1 | 0 | 0 | 10 | 69 | 69.00 | 0 | 1 | 
| Pop Culture | 0 | 1 | 1 | 0 | 5 | 111 | 111.00 | 1 | 1 | 
| Literature - European Literature | 0 | 0 | 1 | 0 | -5 | 0.00 | 0 | 0 | |
| Other Academic | 0 | 0 | 1 | 0 | -5 | 0.00 | 0 | 0 |